000 00499nam a2200121Ia 4500
008 150223s9999 xx 000 0 und d
020 _a9780071279345
050 _aHF 5718.5
_b.D35 2006
100 _aDebelak, Don.
245 _aPerfect phrases for business proposals and business plans :
_bhundreds of ready-to-use phrases for winning new clients, launching new prodicts, and getting the funding you need /
_cDon Debelak.
260 _aNew York :
_bMc Graw Hill,
_c2006
300 _a203 pages :
_c20 cm.
999 _c283275
_d283275